000 nam a22 4500
999 _c8838
_d8838
008 180314b ||||| |||| 00| 0 eng d
245 _aEducation is key to cybersecurity.
260 _aPhilippines
_bThe Philippine Star
_cc2016
300 _apage A11.
650 0 _926800
_aEducation.
942 _2ddc
_cPER